| 000 | 00687nam a2200217Ia 4500 | ||
|---|---|---|---|
| 005 | 20230821101600.0 | ||
| 008 | 131103s9999 xx 000 0 und d | ||
| 040 | _aLoreto College | ||
| 041 | _aEnglish | ||
| 082 |
_a914.2 _bPRI |
||
| 100 | _aPriestley,J.B. | ||
| 245 |
_aEnglish journey _b being a rambling truthful account of what one man saw and heard and felt and thought during a journey through England during the Autumn of the year 1933 _cJ.B.Priestley |
||
| 250 | _aCheap ed. | ||
| 260 |
_aLondon _bWilliam Heinemann Ltd. _c1935 |
||
| 300 | _a422 p. | ||
| 504 | _aIncludes index | ||
| 650 | _aGeography | ||
| 651 | _aEngland - Travel | ||
| 850 | _aLCLIB | ||
| 942 | _cBK | ||
| 999 |
_c12634 _d63113 |
||